| 000 | 00359nam a2200145Ia 4500 | ||
|---|---|---|---|
| 008 | 230711s9999||||xx |||||||||||||| ||und|| | ||
| 041 | _aENG | ||
| 082 |
_a510 _bSH-E |
||
| 100 | _aSharma,J.P | ||
| 245 | 0 | _aEngineering Mathematics | |
| 250 | _a2nd Ed. | ||
| 260 |
_c1990 _aNew Delhi _bCBS Publishers & Distributors Pvt.Ltd |
||
| 650 | _aMathematics | ||
| 942 | _cBK | ||
| 999 |
_c135 _d135 |
||